Masterworks of Asian art
Αποθηκεύτηκε σε:
| Συγγραφή απο Οργανισμό/Αρχή: | |
|---|---|
| Άλλοι συγγραφείς: | |
| Μορφή: | Βιβλίο |
| Γλώσσα: | English |
| Δημοσίευση: |
Cleveland : New York :
Cleveland Museum of Art, Thames and Hudson,
c1998
|
| Θέματα: | |
| Ετικέτες: |
Προσθήκη ετικέτας
Δεν υπάρχουν, Καταχωρήστε ετικέτα πρώτοι!
|
MARC
| LEADER | 00000nam a2200000 i 4500 | ||
|---|---|---|---|
| 001 | 1/36295 | ||
| 008 | 061025s1998 eng d | ||
| 020 | |a 0-500-97466-7 (Thames and Hudson cloth) | ||
| 020 | |a 0-940717-42-5 (CMA cloth) | ||
| 020 | |a 0-940717-43-3 (CMA pbk.) | ||
| 035 | |l 10085781 | ||
| 040 | |a GR-MY-UA |b gre |e aacr | ||
| 041 | 0 | |a eng | |
| 082 | 0 | |a 709.507477132 |2 (22) | |
| 110 | 1 | |a Cleveland Museum of Art. | |
| 245 | 1 | 0 | |a Masterworks of Asian art / |c Michael R. Cunningham ... [et al.]. |
| 260 | |a Cleveland : |a New York : |b Cleveland Museum of Art, |b Thames and Hudson, |c c1998 | ||
| 300 | |a 254 σ.; |b έγχρ. εικ.; |c 31 εκ. | ||
| 500 | |a Συλλογή του Cleveland Museum of Art | ||
| 504 | |a Περιλαμβάνει βιβλιογραφία (σ. 251-254) | ||
| 610 | 1 | 0 | |a Cleveland Museum of Art |x Catalogs. |
| 650 | 0 | 0 | |a Art, Asian |x Catalogs. |
| 650 | 0 | 0 | |a Art |z Ohio |z Cleveland |x Catalogs. |
| 700 | 1 | |a Cunningham, Michael R. | |
| 852 | |a INST |b SYROS |e 20061025 |h 709.507477132 CLE |p 005500004578 |q 005500004578 |t BK |y 0 | ||
| 901 | |a BIBL5-2006-3 | ||
| 909 | |a Ε |b 129632 | ||
| 922 | |a 5ΕΛΗ |b 200610 |c ΒΙΒΛΙΟΘΗΚΗ ΣΥΡΟΥ |d ΜΙΧΑΛΟΠΟΥΛΟΣ | ||
| 950 | |a 188-2006-09-18 | ||
| 970 | |a ΚΟΝΤΟΥ |b ΠΑΡΑΣΚΕΥΗ |z 2006/11/15 | ||